Вып. 5; Конструктивная теория функций и функциональный анализ

Λεπτομέρειες βιβλιογραφικής εγγραφής
Parent link:Конструктивная теория функций и функциональный анализ: сборник статей/ Казанский государственный университет (КГУ) ; под ред. А. Н. Шерстнева. Вып. 5.— , 1985-
Γλώσσα:Ρωσικά
Έκδοση: 1985
Θέματα:
Μορφή: Βιβλίο
KOHA link:https://koha.lib.tpu.ru/cgi-bin/koha/opac-detail.pl?biblionumber=258222

MARC

LEADER 00000nam2a2200000 4500
001 258222
005 20231101233257.0
020 |a RU  |b 85-65686ж 
035 |a (RuTPU)RU\TPU\book\281061 
090 |a 258222 
100 |a 20140423c1985 k a0rusy5003 ca 
101 0 |a rus 
102 |a RU 
105 |a y z 001zy 
200 0 |a Вып. 5 
210 |d 1985 
215 |a 114 с. 
461 1 |0 (RuTPU)RU\TPU\book\303945  |t Конструктивная теория функций и функциональный анализ  |o сборник статей  |f Казанский государственный университет (КГУ) ; под ред. А. Н. Шерстнева  |v Вып. 5  |d 1985- 
606 1 |a Функции  |x Геометрическая теория  |2 stltpush  |3 (RuTPU)RU\TPU\subj\17034  |9 42885 
610 1 |a конструктивная теория 
610 1 |a функциональный анализ 
610 1 |a интегрирование 
610 1 |a теория операторов 
610 1 |a функциональные пространства 
610 1 |a сингулярные уравнения 
675 |a 517.5  |z rus 
801 0 |a RU  |b RuMRKP  |c 19950704  |g psbo 
801 1 |a RU  |b 63413507  |c 20140423 
801 2 |a RU  |b 63413507  |c 20150112  |g RCR 
942 |c BK